Countries That Start With Two Consonants - Statistics

General Stats
  • This quiz has been taken 39 times
  • The average score is 19 of 27
Answer Stats
Country % Correct
Switzerland
93%
France
90%
Spain
87%
Sweden
87%
Brazil
83%
Greece
83%
Chile
80%
China
80%
Bhutan
73%
Croatia
73%
Djibouti
73%
Slovakia
73%
Slovenia
73%
Thailand
73%
Brunei
70%
Chad
70%
Trinidad and Tobago
70%
Czech Republic
67%
Grenada
67%
Cyprus
63%
Ghana
63%
Sri Lanka
63%
Philippines
60%
Syria
60%
Kyrgyzstan
53%
Myanmar
53%
Rwanda
50%
No matching quizzes found
Score Distribution
Percent of People with Each Score
Percentile by Number Answered
Your Score History
You have not taken this quiz